000 00286nam a22001337a 4500
082 _a001
_bKRA/F
100 _aKRALL,SARAH
245 _a100 FOLK HEROES
250 _aFIRST
260 _aNEW DELHI
_bGEMINI BOOKS
_c2002
300 _a112
650 _aFOLK HEROES
_zNEW DELHI
942 _cBK
999 _c6560
_d6560